000 00523nam a2200205Ia 4500
005 20250923145051.0
008 008 250917s9999 xx 000 0 eng d
037 _aTextual
040 _aDSWL
_beng
_cDSWL
041 _aeng
_2eng
084 _qDSWL
100 _aKurien, C.T.
_9831457
245 0 _aOur five year planes
_cby C.T. Kurien
260 _aBanglore
_bC.I.S.R.S.
_c1966
300 _axvi,692p.
365 _aINR
_b5.00
925 _g5.00
942 _cTEXL
999 _c1446690
_d1446690